000 00688nam a2200241 i 4500
001 C2-0233420
003 PPAK
005 20180728090601.0
008 010515s1982 si a|||| ||||| | eng d
022 _a0303-8246
040 _aPPAK
_beng
_cPPAK
_erda
082 0 4 _a300.5
_223
090 0 0 _a300.5
_bSOA
_dKSF
245 0 0 _aSoutheast asian journal sosial sciene
264 1 _aSingapore :
_bInstitute of Southeast Asian Studies ,
_c1982
300 _a133 pages :
_billustrations ;
_c25 cm
336 _2rdacontent
_atext
337 _2rdamedia
_aunmediated
338 _2rdacarrier
_avolume
500 _aVol. 10, no. 1
650 1 0 _aSosial sciences - Peniodicals
942 _ddc
_cB
999 _c152358
_d152358